MARC details
| 000 -LEADER |
| fixed length control field |
04232nam a22004578i 4500 |
| 001 - ACCESSION NUMBER |
| control field |
BRILL9783657790920 |
| 003 - CONTROL NUMBER IDENTIFIER |
| control field |
nllekb |
| 005 - DATE AND TIME OF LATEST TRANSACTION |
| control field |
20260415155925.0 |
| 006 - FIXED-LENGTH DATA ELEMENTS--ADDITIONAL MATERIAL CHARACTERISTICS--GENERAL INFORMATION |
| fixed length control field |
m d |
| 007 - PHYSICAL DESCRIPTION FIXED FIELD--GENERAL INFORMATION |
| fixed length control field |
cr un uuuua |
| 008 - FIXED-LENGTH DATA ELEMENTS--GENERAL INFORMATION |
| fixed length control field |
230524s2023 gw sb 001 0 eng d |
| 020 ## - INTERNATIONAL STANDARD BOOK NUMBER |
| International Standard Book Number |
9783657790920 |
| Qualifying information |
(electronic book) |
| 020 ## - INTERNATIONAL STANDARD BOOK NUMBER |
| Cancelled/invalid ISBN |
9783506790927 |
| Qualifying information |
(print) |
| 024 7# - OTHER STANDARD IDENTIFIER |
| Standard number or code |
10.30965/9783657790920 |
| Source of number or code |
DOI |
| 035 ## - SYSTEM CONTROL NUMBER |
| Canceled/invalid control number |
(OCoLC)1374999392 |
| 040 ## - CATALOGING SOURCE |
| Original cataloging agency |
NL-LeKB |
| Transcribing agency |
NL-LeKB |
| Description conventions |
rda |
| 041 ## - LANGUAGE CODE |
| Language code of text/sound track or separate title |
eng |
| 050 #4 - LIBRARY OF CONGRESS CALL NUMBER |
| Classification number |
DJK50 |
| 072 #7 - SUBJECT CATEGORY CODE |
| Subject category code |
HBTZ1 |
| Source |
bicssc |
| 072 #7 - SUBJECT CATEGORY CODE |
| Subject category code |
HIS |
| Subject category code subdivision |
043000 |
| Source |
bisacsh |
| 082 04 - DEWEY DECIMAL CLASSIFICATION NUMBER |
| Classification number |
907.2047 |
| Edition number |
23 |
| 245 10 - TITLE STATEMENT |
| Title |
War and Remembrance : |
| Remainder of title |
World War II and the Holocaust in the Memory Politics of Post-Socialist Europe / |
| Statement of responsibility, etc |
edited by Paul Srodecki and Daria Kozlova. |
| 246 3# - VARYING FORM OF TITLE |
| Title proper/short title |
World War II and the Holocaust in the Memory Politics of Post-Socialist Europe |
| 300 ## - PHYSICAL DESCRIPTION |
| Extent |
1 online resource (320 pages) : |
| Other physical details |
illustrations. |
| 490 1# - SERIES STATEMENT |
| Series statement |
Schöningh and Fink Early Modern and Modern History E-Books Online, Collection 2023 |
| 490 1# - SERIES STATEMENT |
| Series statement |
War (Hi) Stories ; |
| Volume number/sequential designation |
12 |
| 504 ## - BIBLIOGRAPHY, ETC. NOTE |
| Bibliography, etc |
Includes bibliographical references and index. |
| 505 0# - FORMATTED CONTENTS NOTE |
| Title |
Preliminary Material -- Copyright Page -- Preface and Acknowledgements -- Chapter 1 A Difficult Relationship — World War II and Remembrance in Post-Socialist Europe / |
| Statement of responsibility |
Paul Srodecki -- Chapter 2 Mechanisms of Dealing with the Past / |
| -- |
Frank Golczewski -- Chapter 3 The Militainment of World War II Memory in Post-Soviet Russia / |
| -- |
Elizaveta Gaufman -- Chapter 4 From Great Patriotic War to World War II: How Memory Changed in Georgia after Independence / |
| -- |
Nino Chikovani and Malkhaz Matsaberidze -- Chapter 5 Difficult Transformation: The Remembrance of World War II in Czechia after 1989 / |
| -- |
Darina Volf -- Chapter 6 Remembering the Holocaust after 1989: Slovakia More Than Thirty Years Later / |
| -- |
Monika Vrzgulová -- Chapter 7 Victims and Perpetrators of World War II in Memory Politics in Serbia and Croatia, 1990s–2020 / |
| -- |
Jelena Jorgačević Kisić and Olga Manojlović Pintar -- Chapter 8 Just a Local Affair? Estonian Memories of the Second World War and the Dialogue with Western Memory Culture / |
| -- |
David Feest -- Chapter 9 World War II and the Holocaust in Post-Communist Memorial Museums / |
| -- |
Ljiljana Radonić -- Chapter 10 Great Patriotic War versus Nationalization: Remembrance and Commemoration in Belarusian Museums / |
| -- |
Kristiane Janeke -- Chapter 11 Museums’ Representation of World War II in Ukraine 1991–2019 against the Background of Memory Politics: Competing Narratives and Reconciliation Measures / |
| -- |
Daria Kozlova -- Chapter 12 Stumbling Blocks in the Way — Holocaust Remembrance in Hungary after 1989 / |
| -- |
Zsuzsanna Agora and George Deak -- Contributors -- Abbreviations -- Index. |
| 520 ## - SUMMARY, ETC. |
| Summary, etc |
Providing a comprehensive and engaging account of World War II remembrance and memory politics in East-Central and Eastern Europe this volume uses a comparative approach to examine the phenomena of cultural memory in a pan-European overview. Ranging in scope from various post-Soviet states such as Russia, Ukraine, Belarus, Estonia, and Georgia to the East-Central and South-Eastern European post-socialist countries of Czechia, Slovakia, Hungary, Serbia, and Croatia, this book provides new insights into the ways in which World War II remembrance is reflected in the memory politics, historical studies, culture and literature of the respective countries. The volume focuses mostly on state memory narratives and their public reception as well as museums, memorials and monuments as controversial objects of cultural memory. |
| 546 ## - LANGUAGE NOTE |
| Language note |
English |
| 650 #0 - SUBJECT ADDED ENTRY--TOPICAL TERM |
| Topical term or geographic name as entry element |
Historiography. |
| 650 #0 - SUBJECT ADDED ENTRY--TOPICAL TERM |
| Topical term or geographic name as entry element |
Social change |
| General subdivision |
Research. |
| 650 #0 - SUBJECT ADDED ENTRY--TOPICAL TERM |
| Topical term or geographic name as entry element |
Social sciences |
| General subdivision |
Research. |
| 700 1# - ADDED ENTRY--PERSONAL NAME |
| Personal name |
Kozlova, Daria, |
| Relator term |
editor. |
| 700 1# - ADDED ENTRY--PERSONAL NAME |
| Personal name |
Srodecki, Paul, |
| Relator term |
editor. |
| 776 08 - ADDITIONAL PHYSICAL FORM ENTRY |
| Display text |
Print version: |
| Title |
War and Remembrance : World War II and the Holocaust in the Memory Politics of Post-Socialist Europe. |
| Place, publisher, and date of publication |
Paderborn : Ferdinand Schöningh, Brill Deutschland, 2023. |
| International Standard Book Number |
9783506790927 |
| 830 #0 - SERIES ADDED ENTRY--UNIFORM TITLE |
| Uniform title |
Schöningh and Fink Early Modern and Modern History E-Books Online, Collection 2023. |
| 830 #0 - SERIES ADDED ENTRY--UNIFORM TITLE |
| Uniform title |
War (Hi) Stories ; |
| Volume number/sequential designation |
12. |
| 856 4# - ELECTRONIC LOCATION AND ACCESS |
| Uniform Resource Identifier |
<a href="http://dx.doi.org/10.30965/9783657790920">http://dx.doi.org/10.30965/9783657790920</a> |
| 942 ## - ADDED ENTRY ELEMENTS (KOHA) |
| Source of classification or shelving scheme |
Dewey Decimal Classification |
| Koha item type |
Electronic Books |